| 000 | 00999nam a2200277 i 4500 | ||
|---|---|---|---|
| 001 | 12946 | ||
| 003 | KOSZ 005 | ||
| 005 | 20200630132827.0 | ||
| 008 | 070608s1970 pl a f 000 0 pol | ||
| 015 | _aPB 1971/72 | ||
| 040 |
_aWA N _cWA N _dKOSZ 005/RW |
||
| 041 | 1 |
_apol _hrus |
|
| 080 | _a577.15:577.3 | ||
| 100 | 1 |
_aVol'kenštejn, Mihail Vladimirovič _d(1912-1992). _eAutor |
|
| 245 | 1 | 0 |
_aFizyka enzymów / _cM. W. Wolkensztejn ; przeł. Włodzimierz Klonowski. |
| 246 | 1 |
_iTyt. oryg.: _aFizika fermentov. |
|
| 260 |
_aWarszawa : _bPaństwowe Wydawnictwo Naukowe, _c1970. |
||
| 300 |
_a244, [3] s. : _bil., err. ; _c23 cm. |
||
| 380 | _aKsiążki. | ||
| 504 | _aBibliogr. s. 234-[245]. | ||
| 650 | 4 |
_aEnzymy _xfizyka. |
|
| 700 | 1 |
_aKlonowski, Włodzimierz _c(fizyka). _eTłumaczenie |
|
| 710 | 2 |
_aPaństwowe Wydawnictwo Naukowe _4pbl. |
|
| 856 |
_uhttp://koha.tu.koszalin.pl/cgi-bin/koha/opac-detail.pl?biblionumber=12946 _yKatalog online BPK |
||
| 942 |
_2UKD _cKS |
||
| 999 |
_c12946 _d12946 |
||